ARRUPE JESUIT UNIVERSITY

CORONAVIRUS -STOP THE SPREAD - CLEAN,DISINFECT,COVER

Perspectives on thinking and reasoning : (Record no. 131025)

MARC details
000 -LEADER
fixed length control field 02373cam a2200337 a 4500
001 - CONTROL NUMBER
control field 12858391
003 - CONTROL NUMBER IDENTIFIER
control field ARRUPE
005 - DATE AND TIME OF LATEST TRANSACTION
control field 20211028103530.0
008 - FIXED-LENGTH DATA ELEMENTS--GENERAL INFORMATION
fixed length control field 020717s1995 enka b 011 0 eng
010 ## - LIBRARY OF CONGRESS CONTROL NUMBER
LC control number 2002491801
020 ## - INTERNATIONAL STANDARD BOOK NUMBER
International Standard Book Number 0863773583
035 ## - SYSTEM CONTROL NUMBER
System control number (OCoLC)ocm33103293
040 ## - CATALOGING SOURCE
Original cataloging agency UKM
Transcribing agency UKM
Modifying agency KSW
-- DGU
-- CKM
-- OCL
-- DLC
042 ## - AUTHENTICATION CODE
Authentication code lccopycat
050 00 - LIBRARY OF CONGRESS CALL NUMBER
Classification number BF441
Item number .P48 1995
082 00 - DEWEY DECIMAL CLASSIFICATION NUMBER
Classification number 153.4
Edition number 21
300 ## - PHYSICAL DESCRIPTION
Other physical details ill. ;
Dimensions 24 cm.
245 00 - TITLE STATEMENT
Title Perspectives on thinking and reasoning :
Remainder of title essays in honour of Peter Wason /
Statement of responsibility, etc edited by Stephen E. Newstead and Jonathan St. B.T. Evans.
260 ## - PUBLICATION, DISTRIBUTION, ETC. (IMPRINT)
Place of publication, distribution, etc Hove, UK ;
-- Hillsdale :
Name of publisher, distributor, etc Lawrence Erlbaum Associates,
Date of publication, distribution, etc c1995.
300 ## - PHYSICAL DESCRIPTION
Extent x, 309 p. :
504 ## - BIBLIOGRAPHY, ETC. NOTE
Bibliography, etc Includes bibliographical references and indexes.
505 0# - FORMATTED CONTENTS NOTE
Formatted contents note Creating a psychology of reasoning: the contribution of Peter Wason / Jonathan St. B.T. Evans and Stephen E. Newstead -- The effects of rule clarification, decision justification, and selection instruction on Wason's abstract selection task / Richard A. Griggs -- Content effects in Wason's selection task / Roger L. Dominowski -- Pragmatic reasoning about human voluntary action: evidence from Wason's selection task / Keith J. Holyoak and Patricia W. Cheng -- Deontic reasoning / Ken I. Manktelow and David E. Over -- Inference and mental models / Philip N. Johnson-Laird -- Relevance and reasoning / Jonathan St. B.T. Evans -- The abstract selection task: thesis, antithesis, and synthesis / David W. Green -- Finding logic in human reasoning requires looking in the right places / David P. O'Brien -- Hypothesis testing / Michael E. Gorman -- Scientific reasoning / Ryan D. Tweney and Susan T. Chitwood -- The THOG problem and its implications for human reasoning / Stephen E. Newstead, Vittorio Girotto, and Paolo Legrenzi -- Creativity in research / Peter Wason.
650 #0 - SUBJECT ADDED ENTRY--TOPICAL TERM
Topical term or geographic name as entry element Thought and thinking.
9 (RLIN) 6272
650 #0 - SUBJECT ADDED ENTRY--TOPICAL TERM
Topical term or geographic name as entry element Reasoning (Psychology)
9 (RLIN) 50440
700 1# - ADDED ENTRY--PERSONAL NAME
Personal name Wason, P. C.
Fuller form of name (Peter Cathcart)
9 (RLIN) 50783
700 1# - ADDED ENTRY--PERSONAL NAME
Personal name Newstead, Stephen E.
9 (RLIN) 50784
700 1# - ADDED ENTRY--PERSONAL NAME
Personal name Evans, Jonathan St. B. T.,
Dates associated with a name 1948-
9 (RLIN) 50785
856 42 - ELECTRONIC LOCATION AND ACCESS
Materials specified Publisher description
Uniform Resource Identifier <a href="http://www.loc.gov/catdir/enhancements/fy0652/2002491801-d.html">http://www.loc.gov/catdir/enhancements/fy0652/2002491801-d.html</a>
906 ## - LOCAL DATA ELEMENT F, LDF (RLIN)
a 7
b cbc
c copycat
d 2
e ncip
f 20
g y-gencatlg
942 ## - ADDED ENTRY ELEMENTS (KOHA)
Source of classification or shelving scheme Library of Congress Classification
Koha item type Monograph ( Printed materials)
Holdings
Withdrawn status Lost status Source of classification or shelving scheme Damaged status Not for loan Collection code Home library Current library Shelving location Date acquired Total Checkouts Full call number Barcode Date last seen Price effective from Koha item type
    Library of Congress Classification     Main Collection ARRUPE LIBRARY ARRUPE LIBRARY Main Collection 28/10/2021   BF441 .P48 1995 46600007003 28/10/2021 28/10/2021 Monograph ( Printed materials)

 

Arrupe Library. PO Box MP320 Mt Pleasant, Harare, Zimbabwe
263 242 745411|librarian@aju.ac.zw